| 000 | 00681nac a22002051u 4500 | ||
|---|---|---|---|
| 010 | _a 94118009 | ||
| 082 | 0 | 0 | _a016.78092 |
| 090 |
_c3326 _d3326 |
||
| 100 | _a20080729 | ||
| 245 | 0 | 0 | _aRodion |
| 260 |
_aMilano : _bRicordi, _c[1992]. |
||
| 300 |
_a37 p. ; _c25 cm. |
||
| 500 | _aIntrod. in English. | ||
| 500 | _aDonations. | ||
| 500 | _aDonations - Bibliotheca Alexandrina. | ||
| 650 | _aDams--Maintenance and repair--Case studies. | ||
| 650 | _aSoil mechanics--Case studies. | ||
| 942 |
_cBB _k016.78092 |
||
| 999 |
_c3326 _d3326 |
||